[Event "GER-ch Youth U14 2020"]
[Site "Willingen"]
[Date "2020.10.23"]
[Round "5.9"]
[White "Schubert, Nikita"]
[Black "Chassard, Cedric"]
[Result "1/2-1/2"]
[WhiteElo "1946"]
[BlackElo "1916"]
[Annotator "TA"]
[PlyCount "117"]
[EventDate "2020.10.20"]
[EventType "swiss"]
[EventRounds "7"]
[EventCountry "GER"]
[SourceTitle "playchess.com"]
[Source "ChessBase"]
[SourceQuality "1"]

{[%evp 9,117,4,6,-24,-24,-88,-73,-87,-97,-116,-102,-102,-58,-53,-54,-50,-44,-69,-77,-93,-47,-73,-66,-94,-20,-23,19,16,25,22,25,38,30,-45,-45,-53,-46,-57,-59,-38,-8,-8,0,0,0,0,0,0,0,0,0,-48,-50,-50,-43,-51,0,-18,-20,-18,-18,-18,-12,-20,0,0,0,-25,0,-13,-13,-37,-25,-24,0,-37,-51,-35,-33,-43,-38,-39,-40,-52,0,-50,-58,-164,-45,-20,0,-228,-217,-261,-261,-247,-212,-212,-208,-207,-131,-177,-138,-233,-211,-208,-77,-85,0,0]} 1. e4 e5 2. Nf3 Nc6 3. Bb5 a6 4. Ba4 Nf6 5. d4 Nxd4 6. Nxe5 {C77: Ruy Lopez: 3...a6 4 Ba4 Nf6, unusual lines.} Ne6 7. O-O (7. Nc3 $11 {keeps the balance.}) 7... Nxe4 $17 8. Qf3 {[%csl Ge5][%cal Rf3f7] Black is better.} Nf6 {[#]} 9. Rd1 $146 {Rxd7! is the strong threat.} ({Predecessor:} 9. Nc3 Be7 10. Be3 c6 11. Rad1 Qc7 12. Ng4 Nxg4 13. Qxg4 O-O 14. Bb3 Kh8 15. f4 {0-1 (34) Matthews,S (2249)-Brown,E (2044) Kingston 2005}) 9... Bd6 10. Ng4 h5 (10... Nxg4 {is interesting.} 11. Qxg4 O-O 12. c3 b5 13. Bc2 Bb7) 11. Nxf6+ Qxf6 12. Qxf6 gxf6 13. c4 Be5 14. Nd2 Nd4 15. Re1 {Strongly threatening f4.} Kd8 16. Ne4 Rg8 (16... b5 $17 17. Bd1 Ne6) 17. Bd1 $11 {Black should prevent f4.} d5 18. cxd5 {aiming for f4.} Bg4 19. f4 Bxd1 20. Rxd1 Ne2+ $1 {[%mdl 64] [#] Double Attack} 21. Kf2 (21. Kh1 $1 $11 Bd4 22. Re1 Nxc1 23. Raxc1) 21... Nxf4 $15 22. Bxf4 Bxf4 23. Nxf6 Rg6 24. Ne4 Bxh2 25. Rh1 Be5 26. Rxh5 Bxb2 27. Rb1 Bd4+ 28. Kf3 b6 29. Rd1 Bg7 30. d6 cxd6 31. Nxd6 Kc7 32. Rhd5 Rg8 ({Better is} 32... Rf6+ $15 33. Nf5 Bf8) 33. Nf5 Bf8 34. Rd7+ {[%mdl 64] Double Attack} Kc6 35. Rxf7 Bc5 36. Rd2 Rg4 37. Rf6+ Kb5 38. Re2 Ra4 39. Rb2+ Ka5 40. g3 Ra3+ 41. Kf4 Ra4+ 42. Kf3 $1 Rd8 43. Re6 Rd3+ 44. Kg2 Rda3 45. Ree2 Rg4 46. Re5 Rg5 (46... Rc3 $15) 47. Rbe2 (47. Ne3 $5 {[%cal Re3c4]} Rxe5 48. Nc4+ Ka4 49. Nxe5 $11) 47... Rc3 48. Kh2 (48. R2e4 $1 $15) 48... Rf3 (48... b5 $19 49. Rd5 Bb6) 49. Nd4 $1 {[%cal Rd4f3]} Rfxg3 {White must now prevent ...Rxe5.} 50. Nb3+ $2 (50. R2e4 $1 $11 {and White is okay.}) 50... Kb5 $19 51. Nxc5 bxc5 {[%mdl 4096] Endgame KRR-KRR} 52. Rb2+ Kc6 53. Re6+ Kd5 54. Rxa6 R3g4 {[%cal Rg5h5]} 55. Kh3 Rg8 56. Rd2+ (56. Rh6 $17 {was forced.}) 56... Rd4 57. Rc2 Rd3+ (57... c4 $19 {is more deadly.} 58. Ra7 Ke4) 58. Kh2 $17 Rg5 {[#]} (58... Rh8+ $17 59. Kg2 c4) 59. Rxc5+ $1 {[%mdl 512] Av CentiPawn Loss W=-18/B=-18. Weighted=-21/-20} 1/2-1/2

[Event "GER-ch Youth U14 2020"]
[Site "Willingen"]
[Date "2020.10.23"]
[Round "5.10"]
[White "Sallandt, Frido"]
[Black "Rempe, Jonas"]
[Result "1/2-1/2"]
[WhiteElo "1770"]
[BlackElo "1925"]
[Annotator "TA"]
[PlyCount "63"]
[EventDate "2020.10.20"]
[EventType "swiss"]
[EventRounds "7"]
[EventCountry "GER"]
[SourceTitle "playchess.com"]
[Source "ChessBase"]
[SourceQuality "1"]

{[%evp 11,63,3,16,0,2,0,0,-14,68,69,98,95,104,102,118,108,101,32,71,0,13,22,39,0,39,0,51,12,12,-17,-17,-17,-17,-12,-12,-30,0,0,0,-28,-30,-31,0,-28,-1,-6,0,0,8,19,71,-18,0,-41]} 1. e4 c5 2. b3 Nc6 3. Bb2 e6 4. Nf3 d6 5. Bb5 Bd7 6. O-O Nf6 7. Qe2 {B50: Sicilian: 2...d6, Miscellaneous.} a6 8. Bxc6 Bxc6 9. Nc3 {[#]} d5 $146 (9... Qc7 $11) ({Predecessor:} 9... Be7 10. Rfe1 O-O 11. Rad1 Qc7 12. e5 Bxf3 13. Qxf3 dxe5 14. Ne4 Nd7 15. Qh5 f5 {1-0 (48) Severri Arrese,C (2074)-Chalmeta Ugas,R (2177) Barbera del Valles 2006}) 10. Ne5 $14 d4 11. Nxc6 Qc7 {[#]} 12. Nd5 $1 {[%cal Rd5c7]} Qxc6 13. Nxf6+ gxf6 14. Qf3 ({Better is} 14. c3 $16) 14... Be7 15. a4 ({White should play} 15. c3 $16) 15... Rg8 16. d3 Rg6 17. Bc1 O-O-O 18. Bf4 Rh8 (18... f5 $11) 19. Rfe1 h5 20. Kh1 Bd8 21. Rad1 Ba5 22. Bd2 Bc7 23. Bf4 Ba5 24. Bd2 Bc7 25. Bf4 h4 26. Bxc7 Kxc7 27. Qf4+ e5 28. Qf3 Rhg8 29. Rg1 Rg4 30. g3 h3 (30... Qe6 $11) 31. Rgf1 (31. Rb1 $16) 31... R4g5 $1 $11 32. Kg1 {Av CentiPawn Loss W=-20/B=-16. Weighted=-22/-17} 1/2-1/2

[Event "GER-ch Youth U14 2020"]
[Site "Willingen"]
[Date "2020.10.23"]
[Round "5.11"]
[White "Farokhi, Keyvan"]
[Black "Mimkes, Antal"]
[Result "1-0"]
[WhiteElo "2001"]
[BlackElo "1567"]
[Annotator "TA"]
[PlyCount "101"]
[EventDate "2020.10.20"]
[EventType "swiss"]
[EventRounds "7"]
[EventCountry "GER"]
[SourceTitle "playchess.com"]
[Source "ChessBase"]
[SourceQuality "1"]

{[%evp 9,101,2,78,42,116,124,135,48,49,52,56,52,50,40,56,46,110,98,115,34,45,40,47,37,62,48,195,206,188,158,152,154,145,74,142,147,140,149,146,148,148,149,149,149,142,145,141,132,134,133,133,114,129,101,119,107,168,109,130,135,176,179,227,231,260,230,236,221,198,150,303,298,413,403,407,407,542,535,835,751,29983,29984,29985,29986,29986,29987,29988,29989,29989,29987,29987,29988,29991,29992]} 1. e4 e5 2. Nf3 Nc6 3. Bb5 f5 4. d4 fxe4 5. Nxe5 Nf6 (5... Nxe5 $11 6. dxe5 c6) 6. Bg5 {C63: Ruy Lopez: Schliemann/Jaenisch Defence.} Be7 (6... Qe7 $14) 7. Nc3 $16 O-O {[#]} 8. Bc4+ $146 (8. Bxf6 $16 Bxf6 9. Bc4+ (9. Nxe4 d5 $11) 9... Kh8 10. Nf7+ (10. Nxe4 $2 d5 $19 {[%mdl 64] Double Attack}) 10... Rxf7 11. Bxf7) ({Predecessor:} 8. Bxf6 Bxf6 9. Bc4+ Kh8 10. Nf7+ Rxf7 11. Bxf7 Bxd4 12. O-O Qf6 13. Bd5 Bxc3 14. bxc3 {1-0 (23) Ramos,A (2215)-Nezad,H (2380) Elista 1998}) 8... d5 $14 9. Bxf6 dxc4 10. Nxc6 bxc6 11. Bxe7 Qxe7 12. Qe2 Qf7 (12... Rb8 $14) 13. O-O $16 Bf5 14. Nxe4 ({White should try} 14. Na4 $16) 14... Rae8 15. f3 Qd5 {[%cal Rf5e4]} 16. c3 c5 17. Rad1 $36 {[%mdl 2048] Strongly threatening Rfe1. White fights for an advantage.} Re6 (17... Bxe4 $14 18. fxe4 Rxf1+ 19. Rxf1 Rxe4) 18. dxc5 $18 Qxc5+ 19. Nxc5 Rxe2 20. Rf2 Rfe8 21. Ne4 (21. h4 $142) 21... Rxf2 (21... Re3 $142) 22. Kxf2 $16 ({Don't play} 22. Nxf2 $6 Bc2 $14) 22... Bxe4 23. fxe4 Rxe4 {[%mdl 4096] Endgame KR-KR} 24. Rd8+ Kf7 25. Rd7+ Re7 26. Rd4 Ke6 27. Rxc4 Kd5 28. Rd4+ Kc6 29. Rh4 g6 30. Rd4 Re8 31. Rd2 Re7 32. g4 h6 (32... Rf7+ $16 {might work better.} 33. Kg3 Rf1) 33. Kf3 (33. h4 $18) 33... Re8 34. h4 Re6 35. Kf4 Re8 36. g5 h5 37. Kf3 Rf8+ 38. Kg3 Re8 39. Rf2 {Rf6+ is the strong threat.} Kd7 $2 {[#]} (39... Kd5 $16 40. Rf6 Re3+ 41. Kf4 Rh3) 40. Rf6 Rg8 41. Ra6 Ke7 42. Rxa7 Rc8 43. b4 {[%cal Bb2b4,Bb4b5,Bb5b6,Bb6b7][%mdl 32]} Kf8 44. a4 c5 45. b5 {White mates.} Rd8 46. b6 Rd3+ 47. Kf4 Rd1 48. b7 Rf1+ 49. Ke3 {[%cal Rb7b8]} Re1+ 50. Kd2 Re8 {[#]} 51. Ra8 $1 {Av CentiPawn Loss W=-13/B=-52. Weighted=-14/-51} 1-0

[Event "GER-ch Youth U14 2020"]
[Site "Willingen"]
[Date "2020.10.23"]
[Round "5.12"]
[White "Kageler, Anton Paul"]
[Black "Ermitsch, Magnus"]
[Result "1/2-1/2"]
[WhiteElo "1664"]
[BlackElo "2049"]
[Annotator "TA"]
[PlyCount "61"]
[EventDate "2020.10.20"]
[EventType "swiss"]
[EventRounds "7"]
[EventCountry "GER"]
[SourceTitle "playchess.com"]
[Source "ChessBase"]
[SourceQuality "1"]

{[%evp 15,61,6,33,21,51,25,65,66,68,71,90,73,85,75,104,74,70,65,89,0,146,131,71,29,32,0,0,-30,-36,-27,176,0,147,-68,-64,-64,-85,-74,23,8,24,17,629,590,497,0,0,-165]} 1. e4 c5 2. Nf3 e6 3. d4 cxd4 4. Nxd4 Nc6 5. Nc3 Qc7 6. Be3 a6 7. Be2 Nf6 8. a3 d6 9. f4 {B48: Sicilian: Taimanov: 5 Nc3 Qc7 6 Be3 a6 without Be2.} Na5 10. g4 Nc4 11. Bxc4 {White is slightly better.} Qxc4 12. g5 Nd7 {[#]} 13. Qf3 $146 ({Predecessor:} 13. Qd2 b5 14. O-O-O b4 15. axb4 Qxb4 16. Kb1 Rb8 17. b3 Bb7 18. Rhe1 Rc8 19. Nd5 Qxd2 20. Bxd2 {½-½ (49) Saric,I (2669)-Artemiev,V (2691) Riadh 2017}) 13... b5 14. O-O-O Rb8 15. Nb3 Qc7 16. h4 a5 $1 17. h5 (17. Rhe1 $1 $16) 17... a4 (17... b4 $11 18. axb4 axb4) 18. Nd4 $16 b4 ({Black should play} 18... Qc4) 19. axb4 (19. Ndb5 $5 {[%cal Rb5c7]} Qc6 20. Na7 $16 (20. axb4 Rxb5 21. Nxb5 Qxb5 $15)) 19... a3 $1 20. Ndb5 axb2+ $1 21. Kxb2 (21. Kb1 $5 {[%cal Rb5c7]} Qc6 22. Qf1 $11) 21... Qc6 22. Ra1 {aiming for Qe2.} Qc4 $2 (22... Rxb5 $11 {and Black stays safe.} 23. Nxb5 Qxb5) 23. Rhb1 $2 (23. Qf1 $1 $18 {[%cal Rf1c4]} Qxb4+ 24. Kc1) 23... Be7 {[#]} (23... Rxb5 $11 {remains equal.} 24. Nxb5 Qxb5) 24. Ba7 $2 (24. Qf1 $1 $16 {[%cal Rf1c4]} Qxf1 25. Rxf1) 24... Rxb5 $15 25. Nxb5 Qxb5 26. Qc3 {[%mdl 64] Double Attack} Ba6 (26... O-O $17 27. h6 (27. Ra5 Qb7 $15) 27... e5) 27. h6 $36 {[%mdl 2048] White is more active.} Rg8 {Black wants to play ...gxh6.} 28. hxg7 {Hoping for Rh1.} Nc5 $2 {[%mdl 8192] [#]} (28... Bb7 $11) 29. Bxc5 $1 $18 dxc5 30. Qa3 $2 ({Only move:} 30. Rd1 $18) 30... Bb7 $11 31. Qe3 $2 {Av CentiPawn Loss W=-60/B=-54. Weighted=-80/-72} (31. Qa5 $11 Qxb4+ 32. Kc1 Qxe4 33. Rb6 Qxf4+ 34. Kb1 Bxg5 35. Qb5+ Kd8 36. Rxb7 Qc1+ 37. Ka2 Qxc2+ 38. Ka3 Bc1+ 39. Rxc1 Qxc1+ 40. Ka2 Qd2+ 41. Kb3 Qd1+ 42. Ka2 Qd2+ 43. Kb3 Qd1+ 44. Ka2 Qd2+) 1/2-1/2

[Event "GER-ch Youth U14 2020"]
[Site "Willingen"]
[Date "2020.10.23"]
[Round "5.13"]
[White "Tovmasyan, Minas"]
[Black "Tham, Nam"]
[Result "0-1"]
[WhiteElo "1658"]
[BlackElo "1890"]
[Annotator "NA RC"]
[PlyCount "100"]
[EventDate "2020.10.20"]
[EventType "swiss"]
[EventRounds "7"]
[EventCountry "GER"]
[SourceTitle "playchess.com"]
[Source "ChessBase"]
[SourceQuality "1"]
[TimeControl "40/5400+30:1800+30"]

{[%evp 10,76,22,32767,32767,32767,18,32767,32767,14,9,10,44,33,16,0,25,0,8,9,18,6,10,12,31,26,72,0,0,-2,0,0,32767,32767,32767,32767,-89,-96,-91,32767,-48,-61,-44,-84,-75,-85,-88,-145,32767,32767,32767,32767,32767,32767,32767,32767,-214,-192,-121,-209,32767,-215,-224,-339,-270,-548,-579,-525,-599]} 1. d4 {[%emt 0:00:00]} d5 {[%emt 0:00:00]} 2. c4 {[%emt 0:00:00]} e6 {[%emt 0:00:00]} 3. Nf3 {[%emt 0:00:00]} c6 {[%emt 0:00:00]} 4. Qc2 {[%emt 0:00:24]} Bd6 {[%emt 0:00:52]} 5. Nbd2 {[%emt 0:01:26]} f5 {[%emt 0:02:20]} 6. g3 {[%emt 0:12:01]} Nf6 {[%emt 0:00:16]} 7. Bg2 {[%emt 0:00:08]} O-O {[%emt 0:00:14]} 8. O-O {[%emt 0:00:54]} Ne4 {[%emt 0:00:05]} 9. b3 {[%emt 0:04:54]} Nd7 {[%emt 0:01:05]} 10. Bb2 {[%emt 0:03:58]} Qf6 {[%emt 0:01:39]} 11. e3 {[%emt 0:11:51] E01: Catalan: Early deviations.} g5 {[%emt 0:02:59]} 12. a3 {[%emt 0:14:45] [#]} h5 $146 {[%emt 0:04:21]} ({Predecessor:} 12... Rf7 13. b4 g4 14. Nxe4 fxe4 15. Nh4 Nf8 16. b5 cxb5 17. cxb5 Ng6 18. Nxg6 hxg6 {½-½ (59) Lakerbaya,T (2086)-Khurkhumal,O Gagra 2008}) 13. h4 {[%emt 0:09:14]} g4 {[%emt 0:03:56]} 14. Nxe4 $1 {[%emt 0:03:23]} fxe4 {[%emt 0:00:13]} 15. Ng5 {[%emt 0:01:47]} Qh6 {[%emt 0:00:53]} 16. a4 {[%emt 0:01:54]} Re8 {[%emt 0:09:21]} 17. Ba3 {[%emt 0:17:06]} Bc7 {[%emt 0:00:32]} 18. cxd5 {[%emt 0:00:37]} (18. b4 $14) 18... exd5 {[%emt 0:00:15]} 19. Bxe4 {[%emt 0:01:33]} Rxe4 {[%emt 0:01:26]} 20. Nxe4 {[%emt 0:00:09]} dxe4 {[%emt 0:00:04]} 21. Qxe4 {[%emt 0:01:12]} Nf6 {[%emt 0:01:04]} 22. Qc2 {[%emt 0:03:29]} Qh7 {[%emt 0:03:50]} ({Better is} 22... Be6 $19 23. Rfd1 Bd5) 23. Qxh7+ {[%emt 0:02:56]} Kxh7 {[%emt 0:00:16]} 24. b4 {[%emt 0:02:46]} Be6 {[%emt 0:02:01]} ({Black should play} 24... Ne4 $17 25. b5 Bd7) 25. b5 {[%emt 0:02:12]} Bd5 {[%emt 0:00:05]} 26. bxc6 {[%emt 0:01:51]} Bxc6 {[%emt 0:00:07]} 27. Be7 {[%emt 0:00:18]} Ne4 {[%emt 0:00:44]} 28. Rfd1 {[%emt 0:01:04]} (28. Rfc1 $142 Ba5 29. Ra2) 28... Bd5 {[%emt 0:06:07]} 29. Rdc1 {[%emt 0:00:57]} Ba5 {[%emt 0:00:22]} 30. Rab1 {[%emt 0:00:44]} Nc3 {[%emt 0:01:36]} 31. Rb2 {[%emt 0:00:26]} Re8 {[%emt 0:02:45]} 32. Bd6 {[%emt 0:01:30]} a6 {[%emt 0:02:41]} 33. Kf1 {[%emt 0:00:30]} Ne4 {[%emt 0:05:33]} ({Better is} 33... Nxa4 $19 34. Rbb1 Be4) 34. Bc7 {[%emt 0:00:23]} (34. Bb4 $17 Bxb4 35. Rxb4) 34... Rc8 {[%emt 0:07:12]} 35. Rbc2 {[%emt 0:00:23]} Bd2 {[%emt 0:00:57]} 36. Be5 {[%emt 0:00:27]} Bc3 {[%emt 0:00:48]} 37. Rb1 $19 {[%emt 0:00:45]} (37. Bd6 {is a better defense.} Bb3 38. Bb4 Bxc2 39. Rxc2) 37... Nd2+ {[%emt 0:00:17]} 38. Rxd2 {[%emt 0:00:21]} Bxd2 {[%emt 0:00:09]} 39. Ke2 {[%emt 0:00:16]} Ba5 {[%emt 0:00:22]} 40. Kd3 {[%emt 0:00:41]} Rc3+ {[%emt 0:00:09]} 41. Ke2 {[%emt 0:30:25]} Bf3+ {[%emt 0:31:01]} 42. Kf1 {[%emt 0:00:35]} b5 {[%emt 0:00:29]} 43. axb5 {[%emt 0:00:00]} axb5 {[%emt 0:00:00]} 44. d5 {[%emt 0:00:00]} Rc2 {[%emt 0:00:00]} 45. d6 {[%emt 0:00:00]} b4 {[%emt 0:00:00]} 46. d7 {[%emt 0:00:00]} b3 {[%emt 0:00:00]} 47. Bd4 {[%emt 0:00:00]} Kg6 {[%emt 0:00:00]} 48. e4 {[%emt 0:00:00]} Bxe4 {[%emt 0:00:00]} 49. Rxb3 {[%emt 0:00:00]} Rc1+ {[%emt 0:00:00]} 50. Ke2 {[%emt 0:00:00]} Re1# 0-1

[Event "GER-ch Youth U14 2020"]
[Site "Willingen"]
[Date "2020.10.23"]
[Round "5.14"]
[White "Hommer, Jeremy"]
[Black "Kort, Felix"]
[Result "1-0"]
[WhiteElo "2246"]
[BlackElo "1823"]
[Annotator "TA"]
[PlyCount "57"]
[EventDate "2020.10.20"]
[EventType "swiss"]
[EventRounds "7"]
[EventCountry "GER"]
[SourceTitle "playchess.com"]
[Source "ChessBase"]
[SourceQuality "1"]

{[%evp 11,56,-4,4,0,0,9,0,-14,14,6,7,2,14,8,2,0,42,10,104,80,141,130,122,132,310,300,264,232,546,547,529,335,939,930,1058,988,29996,29997,29997,29998,29998,29997,29998,29998,29998,29999,29999]} 1. d4 Nf6 2. Bf4 d5 3. e3 c5 4. c3 Nc6 5. Nd2 e6 6. Bd3 Bd6 7. Bxd6 {D00: 1 d4 d5: Unusual lines.} Qxd6 8. f4 O-O 9. Ngf3 {The position is equal.} c4 10. Bc2 b5 {[%cal Bb7b5,Bb5b4][%mdl 32] [#]} 11. Ne5 $146 ({Predecessor:} 11. a3 a5 12. Ne5 Ne7 13. O-O Bb7 14. Qf3 g6 15. g4 Nd7 16. Qh3 f6 17. Nxd7 Qxd7 {½-½ (51) Can,M (2204)-Bashirli,N (2367) Cesme 2019}) 11... b4 12. O-O Ne7 13. g4 g6 14. Qe1 h5 {[#]} (14... Nd7 $11 {keeps the balance.}) 15. h3 $1 $16 hxg4 (15... bxc3 $142 16. bxc3 Qa3) 16. hxg4 Kg7 17. Ndf3 $36 {[%mdl 2048] White is in control.} Rb8 $2 {This move loses the game for Black.} (17... Ne4 $16 {was worth a try.}) 18. Ng5 $18 ({Inferior is} 18. Qh4 bxc3 19. g5 (19. bxc3 Qa3 $11) 19... Nh5 $11) 18... Bd7 19. Rf2 Nc6 $2 (19... bxc3 {is more resistant.} 20. bxc3 (20. Qxc3 Qb4 $16) 20... Nxg4 21. Nxg4 Rh8) 20. Rh2 Qe7 21. Ngxf7 ({Not} 21. Qh4 Rh8 $11) 21... Rxf7 $2 (21... Nxg4 22. Qg3 Ncxe5 23. Nxe5 Nxe5) 22. Nxg6 Qd8 23. Qh4 {[#] Qh6+ would kill now.} Ne4 24. Qh6+ {White mates.} Kf6 25. g5+ Kf5 26. Nh4+ Kg4 27. Bd1+ Kg3 28. Rg2+ Kh3 29. Nf5# {Av CentiPawn Loss W=103/B=-108. Weighted=52/-141} 1-0

[Event "GER-ch Youth U14 2020"]
[Site "Willingen"]
[Date "2020.10.23"]
[Round "5.15"]
[White "Bungarten, Jona"]
[Black "Ehrig, Leon Chris"]
[Result "1-0"]
[WhiteElo "1834"]
[BlackElo "1718"]
[Annotator "NA RC"]
[PlyCount "53"]
[EventDate "2020.10.20"]
[EventType "swiss"]
[EventRounds "7"]
[EventCountry "GER"]
[SourceTitle "playchess.com"]
[Source "ChessBase"]
[SourceQuality "1"]
[TimeControl "40/5400+30:1800+30"]

{[%evp 12,39,19,19,31,32767,38,32767,31,17,17,0,70,31,22,0,49,25,32767,32767,408,390,485,328,391,376,403,452,412,417]} 1. e4 {[%emt 0:00:00]} c6 {[%emt 0:00:12]} 2. d4 {[%emt 0:00:00]} d5 {[%emt 0:00:20]} 3. exd5 {[%emt 0:00:00]} cxd5 {[%emt 0:00:13]} 4. c4 {[%emt 0:00:00]} Nf6 {[%emt 0:00:34]} 5. Nc3 {[%emt 0:00:07]} g6 {[%emt 0:00:16]} 6. Qb3 {[%emt 0:00:10]} Bg7 {[%emt 0:02:11]} 7. cxd5 {[%emt 0:00:08]} O-O {[%emt 0:00:54]} 8. Be2 {[%emt 0:00:39]} Re8 {[%emt 0:08:20] B14: Caro-Kann: Panov-Botvinnik Attack with 5...e6 and 5...g6.} 9. Nf3 {[%emt 0:03:18]} Nbd7 {[%emt 0:08:58]} 10. O-O {[%emt 0:02:24]} Nb6 {[%emt 0:02:02] [#]} 11. Bg5 $146 {[%emt 0:01:56]} ({Predecessor:} 11. Bb5 Rf8 12. Re1 Nfxd5 13. Nxd5 Nxd5 14. Bg5 Be6 15. Bc4 Rb8 16. Qa3 a6 17. Bxd5 Qxd5 18. Bxe7 {½-½ (66) Erdelyi,Z (2262)-Ezsol,M (2382) Hungary 2004}) 11... a6 {[%emt 0:09:41]} (11... Nfxd5 $11 12. Nxd5 Nxd5) 12. Bxf6 {[%emt 0:09:26]} exf6 {[%emt 0:07:26]} 13. Rfe1 {[%emt 0:03:59]} Qd6 {[%emt 0:06:43]} 14. a4 {[%emt 0:09:34]} Rd8 {[%emt 0:07:53]} 15. Ne4 {[%emt 0:03:31]} Qxd5 {[%emt 0:07:29]} 16. Qxb6 {[%emt 0:00:13]} Bg4 {[%emt 0:02:05]} 17. Nc3 {[%emt 0:00:41]} Qd7 {[%emt 0:01:13]} 18. Rad1 {[%emt 0:00:55]} Rac8 {[%emt 0:01:44]} 19. h3 {[%emt 0:00:34]} Bh5 {[%emt 0:07:27]} 20. d5 $18 {[%emt 0:01:26]} g5 {[%emt 0:01:51]} 21. Ne5 {[%emt 0:02:42]} fxe5 {[%emt 0:01:43]} 22. Bxh5 {[%emt 0:00:09]} Qe7 {[%emt 0:00:46]} 23. d6 {[%emt 0:01:37]} Qe6 {[%emt 0:00:07]} 24. Ne4 {[%emt 0:00:23]} h6 {[%emt 0:00:34]} 25. Nc5 {[%emt 0:00:12]} Qc4 {[%emt 0:01:53]} 26. Rc1 {[%emt 0:00:18]} Qf4 {[%emt 0:00:20]} 27. Nd3 1-0

[Event "GER-ch Youth U14 2020"]
[Site "Willingen"]
[Date "2020.10.23"]
[Round "5.16"]
[White "Niemann, Leon"]
[Black "Freude, Max"]
[Result "1/2-1/2"]
[WhiteElo "1880"]
[BlackElo "1850"]
[Annotator "NA RC"]
[PlyCount "44"]
[EventDate "2020.10.20"]
[EventType "swiss"]
[EventRounds "7"]
[EventCountry "GER"]
[SourceTitle "playchess.com"]
[Source "ChessBase"]
[SourceQuality "1"]
[TimeControl "40/5400+30:1800+30"]

{[%evp 10,43,28,18,41,6,50,39,32767,32767,56,-10,0,5,-3,0,12,8,0,0,32767,-10,6,0,22,32767,42,20,11,-19,32767,32767,32767,32767,32767,-45]} 1. e4 {[%emt 0:00:00]} e5 {[%emt 0:00:00]} 2. Nf3 {[%emt 0:00:00]} Nc6 {[%emt 0:00:00]} 3. Bc4 {[%emt 0:00:00]} Bc5 {[%emt 0:00:04]} 4. O-O {[%emt 0:00:00]} Nf6 {[%emt 0:00:24]} 5. d3 {[%emt 0:00:30]} h6 {[%emt 0:06:14]} 6. c3 {[%emt 0:02:47]} O-O {[%emt 0:01:01]} 7. Nbd2 {[%emt 0:00:37] C54: Giuoco Piano: 4 c3 Nf6, main lines with 5 d4 and 5 d3.} d5 {[%emt 0:01:46]} 8. exd5 {[%emt 0:02:00]} Nxd5 {[%emt 0:00:19]} 9. Ne4 {[%emt 0:02:23]} Be7 {[%emt 0:02:32]} 10. d4 {[%emt 0:07:39] [#]} Nb6 $146 {[%emt 0:11:39]} ({Predecessor:} 10... exd4 11. Nxd4 Ne5 12. Be2 f5 13. f4 fxe4 14. fxe5 c5 15. Nb5 Rxf1+ 16. Bxf1 Be6 {1-0 (47) Alen,A (1814)-Karimli,A (1340) Antalya 2019}) 11. Bb3 {[%emt 0:09:41]} exd4 {[%emt 0:04:36]} 12. Nxd4 {[%emt 0:09:41]} Nxd4 {[%emt 0:01:09]} 13. cxd4 {[%emt 0:02:13]} c6 {[%emt 0:06:41]} 14. Nc3 {[%emt 0:10:59]} Bf6 {[%emt 0:05:38]} 15. Be3 {[%emt 0:05:31]} Bf5 {[%emt 0:05:18]} 16. Qf3 {[%emt 0:04:21]} Bh7 {[%emt 0:18:49]} 17. Rad1 {[%emt 0:03:55]} Qe7 {[%emt 0:05:35]} 18. d5 {[%emt 0:07:05]} Bxc3 {[%emt 0:02:16]} 19. bxc3 {[%emt 0:00:22]} Nxd5 {[%emt 0:00:29]} 20. Bxd5 {[%emt 0:00:29]} cxd5 {[%emt 0:00:21]} 21. Qxd5 {[%emt 0:01:47]} Rfd8 {[%emt 0:05:45]} 22. Qc5 $15 {[%emt 0:08:01]} Qxc5 {[%emt 0:04:04]} 1/2-1/2